Odborný seminár na Katedre verejných financií
Dňa 4.12.1995 sa na Národohospodárskej fakulte EU v Bratislave konal odborný seminár grantového projektu na tému "Možnosti strednodobého prognózovania fiškálnej politiky SR" a "Zásahy štátu do ekonomiky SR prostredníctvom finančných nástrojov". Na seminári vystúpili jednotliví riešitelia: Beňová, E....
Gespeichert in:
| 1. Verfasser: | |
|---|---|
| Format: | Buchkapitel |
| Sprache: | Slowakisch |
| Schlagworte: | |
| Tags: |
Keine Tags, Fügen Sie das erste Tag hinzu!
|
MARC
| LEADER | 00000naa a2200000 4500 | ||
|---|---|---|---|
| 001 | r022422 | ||
| 005 | 20240502071328.2 | ||
| 041 | 0 | |a slo | |
| 044 | |a SK | ||
| 245 | 1 | 0 | |a Odborný seminár na Katedre verejných financií |c K. Beličková |
| 520 | |a Dňa 4.12.1995 sa na Národohospodárskej fakulte EU v Bratislave konal odborný seminár grantového projektu na tému "Možnosti strednodobého prognózovania fiškálnej politiky SR" a "Zásahy štátu do ekonomiky SR prostredníctvom finančných nástrojov". Na seminári vystúpili jednotliví riešitelia: Beňová, E., Petrenka, J., Trnovský, J., Čorbaiová, E., Schultzuová, A., Neubauerová, E., Borodovčák, M., Háčik, V., Lipták, J., Romančíková, E., Sivák, R. | ||
| 610 | 2 | 0 | |a semináre |
| 610 | 2 | 0 | |a Ekonomická univerzita v Bratislave |
| 610 | 2 | 0 | |a 1995 |
| 610 | 2 | 0 | |a financie verejné |
| 610 | 2 | 0 | |a politika fiškálna |
| 610 | 2 | 0 | |a trh kapitálový |
| 610 | 2 | 0 | |a politika daňová |
| 610 | 2 | 0 | |a hospodárenie finančné |
| 610 | 2 | 0 | |a nástroje finančné |
| 610 | 2 | 0 | |a Slovensko |
| 100 | 1 | |a Beličková, Kornélia, 1966- | |